Thuỷ sinh học các thuỷ vực nước ngọt nội địa Việt Nam

Saved in:
Bibliographic Details
Main Author: Đặng Ngọc Thanh
Format: Book
Language:Undetermined
Published: H. KHKT 2002
Subjects:
Tags: Add Tag
No Tags, Be the first to tag this record!
Institutions: Trung tâm Học liệu Trường Đại học Cần Thơ
LEADER 00569nam a2200181Ia 4500
001 CTU_53680
008 210402s9999 xx 000 0 und d
020 |b 65000 
082 |a 578.77 
082 |b Th107 
100 |a Đặng Ngọc Thanh 
245 0 |a Thuỷ sinh học các thuỷ vực nước ngọt nội địa Việt Nam 
245 0 |c Đặng Ngọc Thanh 
260 |a H. 
260 |b KHKT 
260 |c 2002 
650 |a zooplankton,phytoplankton,freshewater biology,aquatic ecology 
980 |a Trung tâm Học liệu Trường Đại học Cần Thơ